[Event "Kiel op 15th"]
[Site "Kiel"]
[Date "2002.08.15"]
[Round "8"]
[White "Scheerer, Christoph"]
[Black "Kreuzholz, Michael"]
[Result "1/2-1/2"]
[WhiteElo "2384"]
[BlackElo "2318"]
[PlyCount "81"]
[EventDate "2002.08.10"]
[EventType "swiss"]
[EventRounds "9"]
[EventCountry "GER"]
[SourceTitle "EXT 2003"]
[Source "ChessBase"]
[SourceDate "2002.11.25"]
[SourceVersion "1"]
[SourceVersionDate "2002.11.25"]
[SourceQuality "1"]

1. e4 e6 2. d3 c5 3. Nf3 Nc6 4. g3 g6 5. Bg2 Bg7 6. 0-0 Nge7 7. c3 e5 8. Be3 d6 9. Qd2 0-0 10. Na3 f5 11. Nh4 Be6 12. Nc2 Qd7 13. Rfd1 Rad8 14. b4 f4 15. b5 fxe3 16. bxc6 exf2+ 17. Kh1 Nxc6 18. Rf1 Rf6 19. Rxf2 Bh6 20. Ne3 Rxf2 21. Qxf2 Rf8 22. Qe2 b5 23. a3 b4 24. axb4 cxb4 25. Nd5 bxc3 26. Nxc3 Nd4 27. Qb2 g5 28. Nf5 Nxf5 29. exf5 Rxf5 30. Ne4 Bf8 31. Qb8 d5 32. Nc5 Qc8 33. Qxc8 Bxc8 34. Bxd5+ Kh8 35. Ne4 Rf3 36. Nxg5 Rxd3 37. Be4 Rd7 38. Rf1 Bh6 39. h4 Bxg5 40. Rf8+ Kg7 41. Rxc8 1/2-1/2

[Event "Kiel op 15th"]
[Site "Kiel"]
[Date "2002.08.14"]
[Round "7"]
[White "Kreuzholz, Michael"]
[Black "Feuerstack, Aljoscha"]
[Result "1-0"]
[WhiteElo "2318"]
[BlackElo "2120"]
[PlyCount "97"]
[EventDate "2002.08.10"]
[EventType "swiss"]
[EventRounds "9"]
[EventCountry "GER"]
[SourceTitle "EXT 2003"]
[Source "ChessBase"]
[SourceDate "2002.11.25"]
[SourceVersion "1"]
[SourceVersionDate "2002.11.25"]
[SourceQuality "1"]

1. e4 c5 2. Nf3 e6 3. d4 cxd4 4. Nxd4 a6 5. Bd3 Bc5 6. Nb3 Ba7 7. Nc3 Nc6 8. Qe2 d6 9. Be3 Nge7 10. 0-0-0 b5 11. Bxa7 Rxa7 12. Qe3 Qc7 13. Bxb5 axb5 14. Nxb5 Qb8 15. Nxa7 Nxa7 16. Qg3 e5 17. Qd3 Bb7 18. Na5 Ba8 19. Qxd6 Qxd6 20. Rxd6 Bxe4 21. Rhd1 0-0 22. f3 Bf5 23. a4 g5 24. Rd8 Nec6 25. Nxc6 Nxc6 26. Rxf8+ Kxf8 27. Rd6 Nd4 28. c3 Nb3+ 29. Kd1 Be6 30. Kc2 Na1+ 31. Kd3 Nb3 32. Kc2 Na1+ 33. Kb1 Nb3 34. Rb6 Ke7 35. Kc2 Na1+ 36. Kb1 Nb3 37. Kc2 Na1+ 38. Kd3 Nb3 39. a5 Nxa5 40. b4 Bc4+ 41. Ke4 Nb3 42. Kxe5 Nd2 43. Rb7+ Kd8 44. Kd6 Be6 45. Rb8+ Bc8 46. b5 Nc4+ 47. Kd5 Na5 48. Ra8 Nb7 49. Kc6 1-0